000
00287nam a22001217a 4500
008
170908b xxu||||| |||| 00| 0 eng d
041
_a
eng
080
_a
91
100
_a
43
101
_a
geo
245
_a
THE PRACTICE AT THE END OF THE UNIVERSE
_c
CARROOL.S
942
_2
udc
_c
BK
999
_c
26689
_d
26689